| 000 | 00641nam a22002297a 4500 | ||
|---|---|---|---|
| 003 | LK-CoMWRAF | ||
| 005 | 20231022101025.0 | ||
| 008 | 231022b2003 |||||||| |||| 00| 0 eng d | ||
| 020 | _a0072826711 | ||
| 040 |
_aLK-CoMWRAF _dLK-CoMWRAF _eLK-CoMWRAF |
||
| 041 | _aeng | ||
| 082 |
_a305.42 _bLEC |
||
| 245 | _aLectures on the psychology of women | ||
| 250 | _a3rd ed. | ||
| 260 |
_aBoston: _b McGraw-Hill, _c2003 |
||
| 300 |
_axvii, 397 p. : ill. ; 24 cm. _bBibliography included |
||
| 650 | _aWOMEN-Psychology | ||
| 700 |
_a Chrisler, Joan C. _eed. |
||
| 700 |
_a Golden, Carla _eed. |
||
| 700 |
_aRozee, Patricia D _eed. |
||
| 942 | _cBK | ||
| 999 |
_c3970 _d3970 |
||